[Event "Niska Banja op"]
[Site "Niska Banja"]
[Date "2020.02.14"]
[Round "3"]
[White "Nadj, Vanja"]
[Black "Cirjan, Daniel"]
[Result "0-1"]
[WhiteElo "1907"]
[BlackElo "1878"]
[PlyCount "50"]
[EventDate "2020.02.13"]
[EventType "swiss"]
[EventRounds "7"]
[EventCountry "SRB"]
[SourceTitle "CBM 195 Extra"]
[Source "ChessBase"]
[SourceDate "2020.05.31"]
[SourceVersion "1"]
[SourceVersionDate "2020.05.31"]
[SourceQuality "1"]

1. e4 c6 2. d4 d5 3. exd5 cxd5 4. c4 Nf6 5. Nc3 e6 6. cxd5 Nxd5 7. Nf3 Nc6 8. Bd3 Bb4 9. Qc2 Nxc3 10. bxc3 Nxd4 11. Nxd4 Qxd4 12. Bb2 Qe5+ 13. Be2 Bd6 14. c4 Qa5+ 15. Kf1 Be5 16. Bxe5 Qxe5 17. Rb1 0-0 18. g3 b6 19. Bf3 Rb8 20. Rb5 Qf6 21. Be4 g6 22. h4 Ba6 23. Rb3 Rfc8 24. Rf3 Qe5 25. Rf4 Bxc4+ 0-1

[Event "SRB-chT2 East"]
[Site "Vrnjacka Banja"]
[Date "2015.10.10"]
[Round "9.25"]
[White "Nadj, Vanja"]
[Black "Kostic, Tomislav"]
[Result "0-1"]
[WhiteElo "1969"]
[BlackElo "1983"]
[PlyCount "94"]
[EventDate "2015.08.28"]
[EventType "team-tourn"]
[EventRounds "11"]
[EventCountry "SRB"]
[SourceTitle "EXT 2022"]
[Source "ChessBase"]
[SourceDate "2021.10.06"]
[SourceVersion "1"]
[SourceVersionDate "2021.10.06"]
[SourceQuality "1"]

1. e4 c5 2. Nf3 e6 3. d3 d5 4. Nbd2 Nc6 5. c3 Nf6 6. g3 Be7 7. Bg2 0-0 8. 0-0 e5 9. Re1 d4 10. Nc4 Qc7 11. a4 Be6 12. Na3 a6 13. Ng5 Bg4 14. f3 Bh5 15. Bd2 Rab8 16. c4 Nd7 17. Nh3 Na7 18. g4 Bg6 19. f4 f6 20. f5 Bf7 21. g5 b5 22. axb5 axb5 23. Qg4 fxg5 24. Nxg5 bxc4 25. Nxf7 Rxf7 26. Nxc4 Nc6 27. Bf1 Nb4 28. Ra5 Nb6 29. Nxb6 Qxb6 30. Rea1 Nc2 31. R1a2 Bf6 32. Qd1 Qb3 33. Be2 Rfb7 34. Qb1 c4 35. dxc4 d3 36. Bf3 Qxc4 37. Rd5 Nd4 38. Bg2 Qc2 39. Qxc2 dxc2 40. Rxd4 exd4 41. e5 Rxb2 42. exf6 Rxa2 43. Bd5+ Kh8 44. Bxa2 Rb1+ 45. Kf2 c1Q 46. Bxc1 Rxc1 47. Kf3 gxf6 0-1

[Event "SRB-chT2 East"]
[Site "Leskovac"]
[Date "2014.09.25"]
[Round "1.4"]
[White "Nadj, Vanja"]
[Black "Kulak, Dejan"]
[Result "0-1"]
[WhiteElo "1979"]
[BlackElo "2254"]
[PlyCount "82"]
[EventDate "2014.09.25"]
[EventType "team-swiss"]
[EventRounds "6"]
[EventCountry "SRB"]
[SourceTitle "EXT 2015"]
[Source "ChessBase"]
[SourceDate "2014.11.20"]
[SourceVersion "1"]
[SourceVersionDate "2014.11.20"]
[SourceQuality "1"]

1. e4 Nf6 2. e5 Nd5 3. Nf3 d6 4. d4 g6 5. Be2 Bg7 6. 0-0 0-0 7. h3 Nc6 8. c4 Nb6 9. Bf4 dxe5 10. dxe5 Be6 11. Na3 h6 12. Qc1 g5 13. Rd1 Qc8 14. Bg3 a6 15. Qe3 f5 16. exf6 exf6 17. Bxc7 Na4 18. Bh2 f5 19. Rab1 f4 20. Qb3 Nc5 21. Qb6 Na4 22. Qb3 b5 23. Rd6 Nc5 24. Qd1 Ne4 25. Rxe6 Qxe6 26. cxb5 axb5 27. Bxb5 Ne5 28. Nxe5 Qxe5 29. Qe2 Nd6 30. Qxe5 Bxe5 31. Bc6 Ra5 32. f3 Rb8 33. Nc2 Rxb2 34. Rxb2 Bxb2 35. Bd7 Kf7 36. a4 Ke7 37. Bc6 Rc5 38. Nb4 Ba3 39. Nd5+ Ke6 40. Ba8 Rc8 41. Nb6 Bc5+ 0-1